Southville International School and Colleges
Your cart is empty.
  • Cart
  • Lists
    Public lists Eva Luna New books Lux_list list_1
    Your lists Log in to create your own lists
  • Log in to your account
  • Your cookies
  • Search history
Southville International School and Colleges
  • Advanced search
  • Recent comments
  • Most popular
  • Libraries

Log in to your account

Log in with GOOGLE


If you do not have an external account, but do have a local account, you can still log in:

  1. Home
  2. MARC view: The Manila We Knew
Normal view MARC view ISBD view

The Manila We Knew (Record no. 18851)

[ view plain ]
MARC details
000 -LEADER
fixed length control field 01024cam a22003374a 4500
001 - CONTROL NUMBER
control field 14967736
003 - CONTROL NUMBER IDENTIFIER
control field OSt
005 - DATE AND TIME OF LATEST TRANSACTION
control field 20140310183112.0
008 - FIXED-LENGTH DATA ELEMENTS--GENERAL INFORMATION
fixed length control field 070815s2006 ph a 000 0 eng
010 ## - LIBRARY OF CONGRESS CONTROL NUMBER
LC control number 2006425082
020 ## - INTERNATIONAL STANDARD BOOK NUMBER
International Standard Book Number 9789712718595
035 ## - SYSTEM CONTROL NUMBER
System control number (OCoLC)ocn137335280
040 ## - CATALOGING SOURCE
Original cataloging agency EYM
Transcribing agency EYM
Modifying agency DLC
042 ## - AUTHENTICATION CODE
Authentication code lccopycat
-- lcode
043 ## - GEOGRAPHIC AREA CODE
Geographic area code a-ph---
050 00 - LIBRARY OF CONGRESS CALL NUMBER
Classification number PL5536
Item number .P187 2006
082 ## - DEWEY DECIMAL CLASSIFICATION NUMBER
Classification number FIL959.92
Item number P193 2006
245 04 - TITLE STATEMENT
Title The Manila We Knew
Statement of responsibility, etc edited by Erlinda Enriquez Panlilio ; original art by Manuel D. Baldemor.
260 ## - PUBLICATION, DISTRIBUTION, ETC. (IMPRINT)
Place of publication, distribution, etc Manila
Name of publisher, distributor, etc Anvil
Date of publication, distribution, etc c2006
300 ## - PHYSICAL DESCRIPTION
Extent xiii, 144 p.
Other physical details ill.
Dimensions 23 cm.
521 ## - TARGET AUDIENCE NOTE
Target audience note
526 ## - STUDY PROGRAM INFORMATION NOTE
Reading level 1210L-1700L
541 ## - IMMEDIATE SOURCE OF ACQUISITION NOTE
-- 1
562 ## - COPY AND VERSION IDENTIFICATION NOTE
Number of copies 1
651 #0 - SUBJECT ADDED ENTRY--GEOGRAPHIC NAME
Geographic name Manila (Philippines)
General subdivision Social life and customs.
651 #0 - SUBJECT ADDED ENTRY--GEOGRAPHIC NAME
Geographic name Manila (Philippines)
General subdivision Description and travel.
700 1# - ADDED ENTRY--PERSONAL NAME
Personal name Panlilio, Erlinda Enriquez,
Dates associated with a name 1940-
906 ## - LOCAL DATA ELEMENT F, LDF (RLIN)
a 7
b cbc
c copycat
d 3
e ncip
f 20
g y-gencatlg
942 ## - ADDED ENTRY ELEMENTS (KOHA)
Source of classification or shelving scheme Library of Congress Classification
Koha item type Books
Call number prefix Filipininana
Holdings
Withdrawn status Lost status Source of classification or shelving scheme Damaged status Home library Current library Shelving location Date acquired Total Checkouts Full call number Barcode Date last seen Copy number Price effective from Koha item type
    Library of Congress Classification   College Library College Library Filipiniana Section 03/23/2013   PL5536 .P187 2006 C15664 05/08/2018 1 03/23/2013 Books

The Manila We Knew

APA

Panlilio E. E., . (2006). The Manila We Knew. Manila: Anvil.

Chicago

Panlilio Erlinda Enriquez, . 2006. The Manila We Knew. Manila: Anvil.

Harvard

Panlilio E. E., . (2006). The Manila We Knew. Manila: Anvil.

MLA

Panlilio Erlinda Enriquez, . The Manila We Knew. Manila: Anvil. 2006.

  • Place hold
  • Print
  • Cite
  • Add to your cart (remove)
  • Save record
    BIBTEX Dublin Core MARCXML MARC (non-Unicode/MARC-8) MARC (Unicode/UTF-8) MARC (Unicode/UTF-8, Standard) MODS (XML) RIS
  • More searches
    Search for this title in:
    Other Libraries (WorldCat) Other Databases (Google Scholar) Online Stores (Bookfinder.com) Open Library (openlibrary.org)

Exporting to Dublin Core...

SOUTHVILLE LIBRARY

Southville International School and Colleges Library

1281 Tropical Ave. Cor. Luxembourg St., BF Homes International, Las Pinas City

Tel. No. 8256374 / 252358 Loc. 117/146

Powered by Koha